Organic Manures (Record no. 373940)
[ view plain ]
| 000 -LEADER | |
|---|---|
| fixed length control field | 00353nam a22001577a 4500 |
| 005 - DATE AND TIME OF LATEST TRANSACTION | |
| control field | 20250903145342.0 |
| 020 ## - INTERNATIONAL STANDARD BOOK NUMBER | |
| International Standard Book Number | 9788171641321 |
| 082 ## - DEWEY DECIMAL CLASSIFICATION NUMBER | |
| Classification number | 631.86 |
| Item number | GAU |
| 100 ## - MAIN ENTRY--PERSONAL NAME | |
| Personal name | Gaur A C and others |
| 245 ## - TITLE STATEMENT | |
| Title | Organic Manures |
| 260 ## - PUBLICATION, DISTRIBUTION, ETC. (IMPRINT) | |
| Place of publication, distribution, etc. | New Delhi |
| Name of publisher, distributor, etc. | ICAR |
| Date of publication, distribution, etc. | 2021 |
| 300 ## - PHYSICAL DESCRIPTION | |
| Extent | 159p; |
| 700 ## - ADDED ENTRY--PERSONAL NAME | |
| Personal name | Neelakantan S |
| 700 ## - ADDED ENTRY--PERSONAL NAME | |
| Personal name | Dargan K S |
| 942 ## - ADDED ENTRY ELEMENTS (KOHA) | |
| Koha item type | Books (General) |
| Withdrawn status | Lost status | Damaged status | Not for loan | Collection code | Home library | Current library | Shelving location | Date acquired | Total Checkouts | Full call number | Barcode | Date last seen | Price effective from | Koha item type |
|---|---|---|---|---|---|---|---|---|---|---|---|---|---|---|
| Malayalam | College of Agriculture, Vellayani | College of Agriculture, Vellayani | 20/06/2025 | 631.86 GAU | KAU_COAV-31816 | 20/06/2025 | 20/06/2025 | Books (General) |
